000 00604nam a2200229Ia 4500
003 OSt
005 20221007071227.0
006 a|||||r|||| 00| 0
007 ta
008 221006b |||||||| |||| 00| 0 eng d
024 _a19,570
037 _cTextual
040 _aFLL
_cFLL
_beng
041 _2eng
_aeng
082 _aZ1:5y7, K2
100 _aHyde H.M. Au.
_9688356
245 0 _aInternational casebook of crime
260 _aLondon
_bBarrie and rockliff England
_c1962
300 _a218p
_ccm.
942 _hZ1:5y7, K2
_cTEXL
_2CC
999 _c1142798
_d1142798